Normal view
MARC view
Entry Personal Name
001 - CONTROL NUMBER
- control field: 1237138
003 - CONTROL NUMBER IDENTIFIER
- control field: OSt
005 - DATE AND TIME OF LATEST TRANSACTION
- control field: 20260430150323.0
008 - FIXED-LENGTH DATA ELEMENTS
- fixed length control field: 260430|| aca||aabn | a|a d
040 ## - CATALOGING SOURCE
- Original cataloging agency: OSt
- Transcribing agency: OSt
100 ## - HEADING--PERSONAL NAME
- Personal name: Gupta Meenakshi Au.; Srivastava Manjari Gu
670 ## - SOURCE DATA FOUND
- Source citation: Work cat.: (OSt)1849504: Gupta Meenakshi Au.; Srivastava Manjari Gu., Well-Posedness and Stability in Set Optimization, 2022
